01005nam a22002777a 4500001000700000003000900007005001700016007000700033008002800040020001800068040002200086082002900108100003200137245016900169260003700338300003000375500006100405500007400466500000600540504003200546600005900578650001300637650001400650650002100664700004200685000513DO-SdBNP20231103072533.0000513160902b2009 ck 00| 0 spa d a9789705804441 aBPMSUbspacBPMSU 4a306.85 bV182c 20092221 aVallejo Valencia, Marianela10aConstelaciones familiares : bpara liberar la energía del amor y de la vida /cMarianela Vallejo Valencia ; con la colaboración de Catalina Forero de Francisco. aMéxico : bAguilar, c2009.b  a272 p. : bil. ; c24 cm. aIncluye datos de la autora en la solapa de la cubierta. aIncluye referencias bibliográficas y notas al pie de las páginas  a  aBibliografía : p. 269-272142ellinger, Bert, d1925xCrítica e interpretación  4aFamilia  4aFelicidad 4aVida espiritual.1 aForero de Francisco, Catalina, ecol.